000 00454nam a2200193Ia 4500
005 20240823042650.0
008 240823s9999||||xx |||||||||||||| ||und||
020 _a0-07-063423-8
041 _aENGLISH
082 _A628 P5
100 _aBenny Joseph
245 0 _aEnvironmental Studies
250 _a1st
260 _c2005
_b"Tata Mcgraw-Hill,New"
500 _aTRANSFERED
650 _aEnvironment
_bMechanical
942 _cBK
999 _c208405
_d208405